Closest Countries to the South Pole A-Z Quiz Stats

 Plays Quiz Updated Sep 1, 2018

Challenge
Share
Tweet
Embed
Score 0/24 Timer 03:00
2 Plays Today
Letter Country % Correct
AArgentina
96.8%
CChile
92.2%
SSouth Africa
84.2%
NNew Zealand
83.9%
ZZimbabwe
80.3%
BBrazil
79.4%
YYemen
76.9%
UUruguay
75.8%
QQatar
73.1%
OOman
69.3%
PParaguay
64.8%
VVanuatu
62.9%
Letter Country % Correct
IIndonesia
62.1%
LLesotho
61.4%
KKiribati
52.3%
FFrance (RĂ©union)
52.2%
EeSwatini
50.4%
JJamaica
47.4%
MMozambique
44.5%
TTonga
42.5%
HHonduras
42.5%
DDemocratic Republic of the Congo
39.9%
GGabon
30.1%
RRepublic of the Congo
20.2%

You're not logged in!

Compare scores with friends on all Sporcle quizzes.
OR
Log In

You Might Also Like...

Show Comments

Extras

Top Quizzes Today


Score Distribution

Your Account Isn't Verified!

In order to create a playlist on Sporcle, you need to verify the email address you used during registration. Go to your Sporcle Settings to finish the process.

Report this User

Report this user for behavior that violates our Community Guidelines.

Details: